Cities from 'F' by Images - Statistics

General Stats
  • This quiz has been taken 17 times
  • The average score is 5 of 16
Answer Stats
Picture Answer % Correct
Frankfurt
88%
Florence
82%
Fes
53%
Fortaleza
53%
Faisalabad
47%
Freetown
47%
Fort Worth
41%
Fukuoka
41%
Fuzhou
35%
Funchal
12%
Florianopolis
6%
Fredericton
6%
Fatehpur Sikri
0%
Fergana
0%
Fianarantsoa
0%
Fredrikstad
0%
No matching quizzes found
Score Distribution
Percent of People with Each Score
Percentile by Number Answered
Your Score History
You have not taken this quiz